Operation Research Handout (MTH 601) - Lecture Notes (VU) (Record no. 60224)

000 -LEADER
fixed length control field 00378nam a22001337a 4500
003 - CONTROL NUMBER IDENTIFIER
control field NUST-PNEC
005 - DATE AND TIME OF LATEST TRANSACTION
control field 20170114142547.0
008 - FIXED-LENGTH DATA ELEMENTS--GENERAL INFORMATION
fixed length control field 140717b xxu||||| |||| 00| 0 eng d
040 ## - CATALOGING SOURCE
Transcribing agency PNEC
100 ## - MAIN ENTRY--PERSONAL NAME
9 (RLIN) 212
Personal name Virtual University of Pakistan
245 ## - TITLE STATEMENT
Title Operation Research Handout (MTH 601) - Lecture Notes (VU)
Statement of responsibility, etc. Virtual University of Pakistan
650 ## - SUBJECT ADDED ENTRY--TOPICAL TERM
General subdivision MIS
942 ## - ADDED ENTRY ELEMENTS (KOHA)
Source of classification or shelving scheme
Koha item type Book
Holdings
Withdrawn status Lost status Source of classification or shelving scheme Damaged status Not for loan Permanent Location Current Location Date acquired Cost, normal purchase price Total Checkouts Barcode Date last seen Cost, replacement price Price effective from Koha item type
          Pakistan Navy Engineering College (PNEC) Pakistan Navy Engineering College (PNEC) 07/17/2014 220.00   PNECBB-003708 07/17/2014 220.00 07/17/2014 Book
© 2023 Central Library, National University of Sciences and Technology. All Rights Reserved.